1286 1184 1234 1098 1396 1120 1551 1898 1376 1896 1937 1199 1711 1398 1310 1542 1379 1195 1693 1663 1621 1553 1943 1337 1937 1400 1586 1226 1691 1272 1302 1598 1541 1295 1085 1322 1741 1878 1324 1002 1448 1134 1000 1330 1985 1692 1417 1969 1081 1192 1221 1873 1388 1646 1967 1975 1049 1449 1470 1742 1382 1742 1723 1757 1974 1972 1463 1157 1596 1564 1450 1977 1648 1550 1204 1573 1724 1385 1025 1251 1090 1194 1068 1404 1154 1225 1507 1103 1628 1273 1944 1419 1162 1115 1947 1186 1590 1590 1733 BCNSPRNW ULIB Ver.6.0+V

เปลี่ยนเป็นภาษาไทย

Change to English
 แสดงรายละเอียดบรรณานุกรม
  กลับหน้าหลัก

Brief Record : Get Marc (ISO 2709) : E-mail record : QR code < ปิดหน้าต่าง
LEADER : 00000nam 2200000uu 4500
001    13399115070
003     ULIB
008    120709s2547||||th 000 0 tha d
020    ^a9789749240519
050  4 ^aนว ^bย232 2547
100 0  ^aยาขอบ
240 10 ^a[สามก๊ก]
245 10 ^aโจโฉ :^bผู้ไม่ยอมให้โลกทรยศ /^cยาขอบ
250    ^aพิมพ์ครั้งที่ 16
260    ^aกรุงเทพฯ :^bดอกหญ้า 2545 ;^c2547
300    ^a158 หน้า :^bภาพประกอบ ;^c21 ซม.
440  0 ^aสามก๊กฉบับวณิพก
650  4 ^aพงศาวดารจีน
650  4 ^aวรรณกรรมกับประวัติศาสตร์^zจีน
650  4 ^aวรรณกรรมจีน
650  4 ^aสามก๊ก^xตัวละครและลักษณะนิสัย
653    ^aโจโฉ
945    ^p0^l0^i15404
995    ^aกัณชพร
999    ^aใช้งานได้ทุกระบบ
รายการนี้ยังไม่มีแท็ก
คุณยังไม่ได้ล็อกอิน คุณสามารถมีกิจกรรมร่วมกับเว็บไซต์ได้ แต่ต้องล็อกอินก่อน ::
  ล็อกอิน

รายการสื่อสารสนเทศ

ลำดับที่ ประเภท เลขเรียก/บาร์โค้ด สถานที่ สถานะ
1. วิทยาศาสตร์การแพทย์ และสุขภาพ
วิทยาศาสตร์การแพทย์ และสุขภาพ
นว ย232 2547  
  Barcode: 15404
ห้องสมุดวิทยาเขตสวรรค์ประชารักษ์
►นวนิยาย
บนชั้น
  ขอยืม

รายการใกล้เคียง
    ผู้แต่ง [ยาขอบ]

    หัวเรื่อง [พงศาวดารจีน]
    หัวเรื่อง [วรรณกรรมจีน]

BibComment


ยังไม่เคยถูกคอมเมนท์

คอมเมนท์ทรัพยากรรายการนี้
  คอมเมนท์: โจโฉ ผู้ไม่ยอมใ..


 Copyright 2026. Bcnsprnw @Library